[Event "Lichtenrader Herbst 2012"]
[Site "Berlin - Lichtenrade"]
[Date "2012.10.03"]
[Round "5.20"]
[White "Christiani, Joerg"]
[Black "Welz, Peter"]
[Result "1/2-1/2"]
[WhiteElo "1972"]
[BlackElo "2127"]
[PlyCount "113"]
[EventDate "2012.??.??"]
[WhiteTeam "Dresden Grün-Weiß SG"]
[BlackTeam "Berlin Empor SV"]

1. e4 e6 2. d4 d5 3. Nc3 Bb4 4. exd5 exd5 5. Bd3 c6 6. Nge2 Nf6 7. a3 Bd6 8.
Bf4 O-O 9. O-O Bg4 10. f3 Bh5 11. Bxd6 Qxd6 12. Ng3 Bg6 13. Qd2 Nbd7 14. Nce2
Nb6 15. b3 Rae8 16. Nf5 Qd7 17. Neg3 Nc8 18. Rae1 Nd6 19. Qf4 Nxf5 20. Bxf5 Qd8
21. Qd2 Qb6 22. Bxg6 hxg6 23. Qb4 Qc7 24. Ne2 Re3 25. Nc1 Rfe8 26. Rxe3 Rxe3
27. Qd2 Qe7 28. Kf2 Re6 29. Re1 Rxe1 30. Qxe1 Qxa3 31. Nd3 Qd6 32. Qa5 Qxh2 33.
Qd8+ Kh7 34. Ne5 Qh4+ 35. Kf1 Qxd4 36. Nxf7 Qd1+ 37. Kf2 Qxc2+ 38. Kg3 g5 39.
Nxg5+ Kg6 40. Ne6 Qf5 41. Qe7 Nh5+ 42. Kf2 Kh6 43. f4 Qf6 44. Qd6 g6 45. g4
Qb2+ 46. Kf3 Qxb3+ 47. Kg2 Qc2+ 48. Kh3 Qc3+ 49. Kg2 Qd2+ 50. Kf3 Qd3+ 51. Kf2
Qg3+ 52. Kf1 Qf3+ 53. Ke1 Ng7 54. Qf8 Qg3+ 55. Kf1 Qf3+ 56. Ke1 Qc3+ 57. Kf1
1/2-1/2

[Event "Lichtenrader Herbst 2012"]
[Site "Berlin - Lichtenrade"]
[Date "2012.10.04"]
[Round "6.1"]
[White "Danin, Alexandre"]
[Black "Meister, Jakob"]
[Result "1/2-1/2"]
[WhiteElo "2568"]
[BlackElo "2484"]
[PlyCount "55"]
[EventDate "2012.??.??"]
[WhiteTeam "SC Tornado Wuppertal 199"]
[BlackTeam "SK Zehlendorf e.V."]

1. e4 e5 2. Nf3 Nc6 3. d4 exd4 4. Nxd4 Nf6 5. Nxc6 bxc6 6. e5 Qe7 7. Qe2 Nd5 8.
c4 Nb6 9. Nd2 d5 10. exd6 cxd6 11. b3 d5 12. Bb2 dxc4 13. Qxe7+ Bxe7 14. Nxc4
Bb4+ 15. Nd2 O-O 16. O-O-O Be6 17. Ba6 Rfe8 18. Nf3 Bd5 19. Ne1 Bf8 20. Rf1 Nd7
21. Nd3 Nc5 22. Nxc5 Bxc5 23. Bd4 Bb6 24. Rd2 Re4 25. Bxb6 axb6 26. Bd3 Re7 27.
Kb2 Rea7 28. Bb1 1/2-1/2

[Event "Lichtenrader Herbst 2012"]
[Site "Berlin - Lichtenrade"]
[Date "2012.10.04"]
[Round "6.2"]
[White "Romanishin, Oleg M"]
[Black "Rabiega, Robert"]
[Result "1/2-1/2"]
[WhiteElo "2526"]
[BlackElo "2515"]
[PlyCount "44"]
[EventDate "2012.??.??"]
[BlackTeam "SK König Tegel 1949 e.V."]

1. Nf3 d5 2. g3 Bg4 3. Bg2 Nd7 4. c4 e6 5. Qa4 c6 6. cxd5 Bxf3 7. Bxf3 exd5 8.
d4 Bd6 9. O-O Ngf6 10. Qb3 Rb8 11. Qe3+ Be7 12. Qd3 Bd6 13. Qe3+ Be7 14. Qd3
Bd6 15. Nc3 O-O 16. e4 dxe4 17. Bxe4 Nxe4 18. Nxe4 Be7 19. Bf4 Rc8 20. d5 cxd5
21. Qxd5 Nc5 22. Qxd8 Rfxd8 1/2-1/2

[Event "Lichtenrader Herbst 2012"]
[Site "Berlin - Lichtenrade"]
[Date "2012.10.04"]
[Round "6.3"]
[White "Von Herman, Ulf"]
[Black "Colpe, Malte"]
[Result "1/2-1/2"]
[WhiteElo "2416"]
[BlackElo "2349"]
[PlyCount "35"]
[EventDate "2012.??.??"]
[WhiteTeam "SK König Tegel 1949 e.V."]
[BlackTeam "Hamburger SK von 1830 eV"]

1. c4 g6 2. g3 Bg7 3. Bg2 c5 4. Nc3 Nc6 5. a3 d6 6. Rb1 Nf6 7. d3 O-O 8. Bg5 h6
9. Bd2 e6 10. Ne4 Nxe4 11. dxe4 a5 12. e3 b6 13. Qc2 Ba6 14. f4 b5 15. cxb5
Bxb5 16. Ne2 Rc8 17. Nc3 Ba6 18. Kf2 1/2-1/2

[Event "Lichtenrader Herbst 2012"]
[Site "Berlin - Lichtenrade"]
[Date "2012.10.04"]
[Round "6.4"]
[White "Stern, Rene"]
[Black "Gebigke, Martin"]
[Result "1-0"]
[WhiteElo "2517"]
[BlackElo "2137"]
[PlyCount "83"]
[EventDate "2012.??.??"]
[WhiteTeam "SK König Tegel 1949 e.V."]
[BlackTeam "SV Berolina Mitte e.V."]

1. d4 Nf6 2. c4 e6 3. Nf3 b6 4. Nc3 Bb7 5. e3 Be7 6. Bd3 d5 7. cxd5 exd5 8. a3
O-O 9. b4 Nbd7 10. Qb3 a6 11. a4 Ne4 12. Nxd5 Bxd5 13. Qxd5 Bxb4+ 14. Kf1 Nef6
15. Qb3 c5 16. Bb2 Qe7 17. Ke2 a5 18. d5 Ne4 19. Rhd1 Kh8 20. Kf1 f5 21. Bb5
Ndf6 22. h3 Rad8 23. Kg1 Qf7 24. Ne5 Qh5 25. Bc6 Qh4 26. Qc2 Nd6 27. Nf3 Qh5
28. Ne5 Kg8 29. Nd3 Nfe4 30. Nf4 Qh4 31. Ne6 Rf7 32. Nxd8 Qxd8 33. f3 Ng3 34.
Be5 Nh5 35. Bxd6 Qxd6 36. Be8 Rf8 37. Bxh5 g6 38. Qc4 gxh5 39. Qf4 Qf6 40. d6
Rd8 41. d7 Kf7 42. Rac1 1-0

[Event "Lichtenrader Herbst 2012"]
[Site "Berlin - Lichtenrade"]
[Date "2012.10.04"]
[Round "6.5"]
[White "Rettore, Ludwig"]
[Black "Hansen, Torbjorn Ringdal"]
[Result "0-1"]
[WhiteElo "2144"]
[BlackElo "2458"]
[PlyCount "154"]
[EventDate "2012.??.??"]

1. e4 c5 2. Nf3 d6 3. d4 cxd4 4. Nxd4 Nf6 5. Nc3 a6 6. Be2 e5 7. Nb3 Be7 8. O-O
O-O 9. Be3 Be6 10. Qd2 Nbd7 11. a4 Qc7 12. Rfd1 Nb6 13. a5 Nc4 14. Bxc4 Bxc4
15. f3 h6 16. Kh1 Rfe8 17. Nc1 Bf8 18. Bb6 Qc6 19. N1a2 Bxa2 20. Nxa2 Rac8 21.
Nb4 Qc4 22. c3 Be7 23. Qd3 Qb3 24. Rd2 Qe6 25. Nd5 Nxd5 26. Qxd5 Qxd5 27. Rxd5
Rc4 28. Kg1 g6 29. Kf2 f5 30. Ke3 Kf7 31. Ra3 Ke6 32. Kd3 Rec8 33. Be3 R8c7 34.
Rb3 Ra4 35. Rb6 Ra1 36. Kc2 fxe4 37. fxe4 Rd7 38. c4 Bd8 39. Rb3 Rxa5 40. Bxh6
Ra4 41. Rg3 g5 42. b3 Ra2+ 43. Kb1 Re2 44. Bxg5 Rf7 45. Rd2 Re1+ 46. Kb2 Ba5
47. Rc2 Rff1 48. Rc1 Re2+ 49. Rc2 Rff2 50. Rxe2 Rxe2+ 51. Kc1 Rxe4 52. Bd2 Bd8
53. Rg6+ Kd7 54. g3 Re2 55. h4 Rh2 56. Bg5 Bb6 57. g4 Rg2 58. Rg7+ Kc6 59. Bf6
Ba5 60. h5 e4 61. h6 Bd2+ 62. Kd1 Bxh6 63. Rg8 Bf4 64. g5 e3 65. Rc8+ Kd7 66.
Rd8+ Kc7 67. Re8 Rd2+ 68. Ke1 Bg3+ 69. Kf1 Rf2+ 70. Kg1 e2 71. Bc3 Rf1+ 72. Kg2
e1=Q 73. Bxe1 Rxe1 74. Rg8 Be5 75. g6 Re3 76. b4 Rg3+ 77. Kf2 b6 0-1

[Event "Lichtenrader Herbst 2012"]
[Site "Berlin - Lichtenrade"]
[Date "2012.10.04"]
[Round "6.6"]
[White "Kalinitschew, Sergey"]
[Black "Noetzel, Felix"]
[Result "1-0"]
[WhiteElo "2469"]
[BlackElo "2108"]
[PlyCount "79"]
[EventDate "2012.??.??"]
[WhiteTeam "SC Kreuzberg e.V."]
[BlackTeam "SC Borussia Friedrichsfelde 1920"]

1. d4 Nf6 2. Nf3 g6 3. c4 Bg7 4. Nc3 d5 5. cxd5 Nxd5 6. g3 c5 7. Bg2 Nc6 8. O-O
Nxc3 9. bxc3 cxd4 10. Nxd4 Nxd4 11. cxd4 Qxd4 12. Rb1 O-O 13. Be3 Qxd1 14.
Rfxd1 Rb8 15. Bxa7 Ra8 16. Bc5 Rxa2 17. Bxe7 Re8 18. Bf3 Rb2 19. Ba3 Ra2 20.
Bc5 Rb2 21. e3 h5 22. Kg2 Rc2 23. Bb6 Bf6 24. Rdc1 Bf5 25. Rxc2 Bxc2 26. Rb4
Re7 27. Bd8 Re6 28. Bxf6 Rxf6 29. Bxb7 Rd6 30. e4 Kg7 31. Bd5 f5 32. f3 fxe4
33. fxe4 Kf6 34. Rb2 Bd3 35. Kf3 Ke5 36. Ke3 Ba6 37. Rb8 Rd7 38. Rb6 Rd6 39.
Rb8 Rd7 40. Re8+ 1-0

[Event "Lichtenrader Herbst 2012"]
[Site "Berlin - Lichtenrade"]
[Date "2012.10.04"]
[Round "6.7"]
[White "Wendt, Jan-Dietrich"]
[Black "Heerde, Thomas"]
[Result "1/2-1/2"]
[WhiteElo "2362"]
[BlackElo "2023"]
[PlyCount "90"]
[EventDate "2012.??.??"]
[WhiteTeam "Sfrd. Berlin 1903 e.V."]
[BlackTeam "SC Weisse Dame e.V."]

1. Nf3 Nf6 2. c4 g6 3. Nc3 Bg7 4. g3 O-O 5. Bg2 d6 6. O-O e5 7. d4 Nbd7 8. e4
Re8 9. d5 Nc5 10. Ne1 a5 11. Nd3 b6 12. b3 Ng4 13. f3 Nh6 14. a3 f5 15. Rb1 Nf7
16. b4 Nxd3 17. Qxd3 axb4 18. axb4 Bh6 19. Bxh6 Nxh6 20. Ra1 Rxa1 21. Rxa1 Rf8
22. c5 bxc5 23. bxc5 fxe4 24. Nxe4 Nf5 25. Ra8 Qe7 26. Ra7 Qd8 27. Qa3 Nd4 28.
Qa5 Nxf3+ 29. Bxf3 Rxf3 30. Qxc7 Qxc7 31. Rxc7 Bh3 32. Nf2 Bf5 33. cxd6 Kf8 34.
Rxh7 Ke8 35. Re7+ Kd8 36. g4 Bc2 37. Rxe5 Rf4 38. Kg2 Kd7 39. Kg3 Rd4 40. Nh3
Kxd6 41. Re8 Kd7 42. Re2 Bd1 43. Re1 Rxg4+ 44. Kf2 Rd4 45. Rg1 Bc2 1/2-1/2

[Event "Lichtenrader Herbst 2012"]
[Site "Berlin - Lichtenrade"]
[Date "2012.10.04"]
[Round "6.8"]
[White "Krefenstein, Sergej"]
[Black "Gruzmann, Boris"]
[Result "0-1"]
[WhiteElo "2072"]
[BlackElo "2303"]
[PlyCount "76"]
[EventDate "2012.??.??"]
[WhiteTeam "TuS Makkabi Berlin e.V."]
[BlackTeam "TuS Makkabi Berlin e.V."]

1. d4 Nf6 2. c4 g6 3. Nc3 Bg7 4. e4 d6 5. f4 c5 6. d5 O-O 7. Nf3 e6 8. Be2 exd5
9. cxd5 Re8 10. e5 dxe5 11. fxe5 Ng4 12. e6 fxe6 13. d6 Bd7 14. O-O Bc6 15. h3
Ne5 16. Bf4 Nbd7 17. Ng5 Qb6 18. Qd2 Qb4 19. Nb5 Qxd2 20. Bxd2 h6 21. Nf3 Nxf3+
22. gxf3 Bxb5 23. Bxb5 Red8 24. Bc4 Nf8 25. f4 Rxd6 26. Be3 Bd4 27. Rae1 Kg7
28. Kg2 Bxe3 29. Rxe3 Rd2+ 30. Kg3 Rxb2 31. Bxe6 Re8 32. Rb3 Rxb3+ 33. Bxb3 b5
34. Bd5 Re3+ 35. Kh4 Rd3 36. Bc6 a6 37. Bb7 Ra3 38. Rf2 Ne6 0-1

[Event "Lichtenrader Herbst 2012"]
[Site "Berlin - Lichtenrade"]
[Date "2012.10.04"]
[Round "6.9"]
[White "Lauridsen, Jesper Morch"]
[Black "Bandow, Alexander"]
[Result "0-1"]
[WhiteElo "2248"]
[BlackElo "2044"]
[PlyCount "88"]
[EventDate "2012.??.??"]
[BlackTeam "Schwarz-Weiß Neukölln e.V."]

1. e4 d5 2. d4 dxe4 3. Nc3 Nf6 4. f3 exf3 5. Nxf3 Bg4 6. h3 Bxf3 7. Qxf3 c6 8.
Be3 e6 9. Bd3 Nbd7 10. O-O Nb6 11. Rf2 Qd7 12. Raf1 O-O-O 13. g4 Nfd5 14. Nxd5
Nxd5 15. Bd2 f6 16. c4 Nb6 17. Be3 Kb8 18. a4 c5 19. a5 cxd4 20. Bf4+ e5 21.
Bf5 Qd6 22. axb6 exf4 23. bxa7+ Ka8 24. Re1 Qb6 25. Re6 Bd6 26. Be4 Qb4 27. b3
d3 28. Rf1 Qxb3 29. Bd5 Rhe8 30. Kh1 Rxe6 31. Bxe6 Bc5 32. Bd5 Be3 33. Rd1 Kxa7
34. Qf1 Rxd5 35. Ra1+ Kb8 36. cxd5 Qxd5+ 37. Qg2 f3 38. Qh2+ Qe5 39. Qa2 f2 40.
Qg8+ Kc7 41. Qf7+ Kc6 42. Qc4+ Bc5 43. Qa4+ Kd6 44. Kg2 f1=Q+ 0-1

[Event "Lichtenrader Herbst 2012"]
[Site "Berlin - Lichtenrade"]
[Date "2012.10.04"]
[Round "6.10"]
[White "Brunner, Karl"]
[Black "Stachanczyk, Jacek"]
[Result "0-1"]
[WhiteElo "2029"]
[BlackElo "2247"]
[PlyCount "150"]
[EventDate "2012.??.??"]

1. d4 d5 2. Nf3 Nf6 3. e3 Bf5 4. Nbd2 e6 5. Be2 c5 6. O-O Nc6 7. a3 cxd4 8.
exd4 Be7 9. b3 O-O 10. Bb2 Ne4 11. Rc1 Rc8 12. c4 Nxd2 13. Nxd2 Bf6 14. Nf3
dxc4 15. bxc4 Qb6 16. Ba1 Rfd8 17. d5 Bxa1 18. Rxa1 exd5 19. cxd5 Be4 20. Qa4
Bxd5 21. Rab1 Qa5 22. Qh4 Qxa3 23. Rfd1 Qe7 24. Qh5 g6 25. Qg5 Qxg5 26. Nxg5
Rc7 27. Rbc1 Rcd7 28. Bg4 Rd6 29. h4 h6 30. Nh3 Be6 31. Rxd6 Rxd6 32. Bxe6 Rxe6
33. Nf4 Rd6 34. Rb1 b6 35. Ne2 Nd4 36. Nc3 a6 37. Ne4 Rc6 38. Rd1 Nf5 39. h5
gxh5 40. Rd5 Ne7 41. Rxh5 b5 42. Nc5 b4 43. Na4 f5 44. Rh4 a5 45. Rd4 Kf7 46.
f3 Ke6 47. Kf2 Nd5 48. g3 Nb6 49. Nxb6 Rxb6 50. Rh4 Ke5 51. g4 b3 52. Ke3 f4+
53. Kd3 Re6 54. Rh5+ Kd6 55. Rxa5 Re3+ 56. Kc4 Rxf3 57. Ra6+ Ke5 58. Rxh6 Rg3
59. Rh1 Rxg4 60. Re1+ Kf5 61. Kxb3 Rg8 62. Kc3 Rd8 63. Kc2 f3 64. Re7 Kf4 65.
Re6 f2 66. Rf6+ Ke3 67. Re6+ Kf3 68. Rf6+ Ke2 69. Re6+ Kf1 70. Rg6 Rd5 71. Rg8
Ke2 72. Re8+ Kf3 73. Rf8+ Ke3 74. Rf7 Rd4 75. Kc3 Rf4 0-1

[Event "Lichtenrader Herbst 2012"]
[Site "Berlin - Lichtenrade"]
[Date "2012.10.04"]
[Round "6.11"]
[White "Welz, Peter"]
[Black "Bruedigam, Martin"]
[Result "0-1"]
[WhiteElo "2127"]
[BlackElo "2291"]
[PlyCount "55"]
[EventDate "2012.??.??"]
[WhiteTeam "SV Empor Berlin e.V."]
[BlackTeam "USV Potsdam e.V., Abt. Schach"]

1. e4 e5 2. Nf3 Nc6 3. d4 exd4 4. Nxd4 Bc5 5. Nb3 Bb6 6. a4 a6 7. Nc3 Nf6 8.
Bg5 h6 9. Bh4 d6 10. Bd3 g5 11. Bg3 Be6 12. Nd5 Nxd5 13. exd5 Bxd5 14. O-O Be6
15. a5 Ba7 16. Re1 Qf6 17. Qe2 h5 18. h3 h4 19. Bh2 O-O-O 20. Nd2 Nd4 21. Qf1
g4 22. Ne4 Qg7 23. Bxa6 gxh3 24. g3 f5 25. Ra4 Bd5 26. Rxd4 Bxd4 27. Nc3 hxg3
28. Nxd5 0-1

[Event "Lichtenrader Herbst 2012"]
[Site "Berlin - Lichtenrade"]
[Date "2012.10.04"]
[Round "6.12"]
[White "Moeller, Hendrik"]
[Black "Harder, Clemens"]
[Result "1/2-1/2"]
[WhiteElo "2259"]
[BlackElo "2109"]
[PlyCount "180"]
[EventDate "2012.??.??"]
[WhiteTeam "SC Weisse Dame e.V."]
[BlackTeam "Koenigsspr.SC.1984 e.V."]

1. c4 c6 2. g3 d5 3. Nf3 Nf6 4. Bg2 dxc4 5. O-O Nbd7 6. a4 a5 7. Na3 Nb6 8. Qc2
Qd5 9. Nh4 Qd4 10. d3 cxd3 11. exd3 Nbd5 12. Nf3 Qa7 13. Nc4 e6 14. Bd2 Nb4 15.
Qd1 Be7 16. Be3 c5 17. d4 O-O 18. dxc5 Bxc5 19. Bf4 Nbd5 20. Bd2 b6 21. Nfe5
Ba6 22. Rc1 Rac8 23. b3 Rfd8 24. Qe2 Qe7 25. Qf3 Rc7 26. Rfd1 Rdc8 27. Bf1 Bb7
28. Qe2 Nd7 29. Nd3 Bd4 30. Be1 Nc5 31. Nxc5 Bxc5 32. Rc2 Qf6 33. Bg2 h6 34.
Rdc1 Ba6 35. Qe4 Bxc4 36. Rxc4 Nb4 37. Qe2 Qe7 38. Be4 Rd8 39. Bc3 Rcd7 40. Rf1
Nd5 41. Bb2 Nf6 42. Bc2 Bd4 43. Bc1 Rc7 44. Ba3 Qd7 45. Rxc7 Qxc7 46. Bd3 e5
47. Rc1 Qd7 48. Bb5 Qh3 49. Qf1 Qxf1+ 50. Bxf1 Ne4 51. Rc2 Bc5 52. Bxc5 Nxc5
53. Bc4 Kf8 54. Kf1 Rd4 55. Ke2 Ke7 56. Rc3 f5 57. Bg8 Kf6 58. Rc2 Rd8 59. Bc4
Rd4 60. Bg8 g5 61. f3 f4 62. Rc3 e4 63. gxf4 exf3+ 64. Rxf3 gxf4 65. Bh7 Kg5
66. Bc2 Nd7 67. Rc3 Ne5 68. Rc8 f3+ 69. Ke3 Rf4 70. Rg8+ Kh4 71. Kxf4 f2 72.
Kxe5 f1=Q 73. Be4 Kh3 74. Rg6 h5 75. Rxb6 Kxh2 76. Rg6 Qd1 77. Bd5 Qd3 78. Rg2+
Kh3 79. Rg8 h4 80. Kd6 Qc3 81. Rg6 Qb4+ 82. Ke5 Qe7+ 83. Kd4 Qb4+ 84. Ke5 Qc3+
85. Kd6 Qb4+ 86. Ke5 Qb8+ 87. Kd4 Qf4+ 88. Kc5 Qb4+ 89. Kc6 Qc3+ 90. Kd6 Qb4+
1/2-1/2

[Event "Lichtenrader Herbst 2012"]
[Site "Berlin - Lichtenrade"]
[Date "2012.10.04"]
[Round "6.13"]
[White "Falkowski, Dawid"]
[Black "Rietze, Clemens"]
[Result "1/2-1/2"]
[WhiteElo "2020"]
[BlackElo "2286"]
[PlyCount "64"]
[EventDate "2012.??.??"]
[BlackTeam "USV Potsdam e.V., Abt. Schach"]

1. e4 Nf6 2. e5 Nd5 3. d4 d6 4. Nf3 g6 5. c4 Nb6 6. exd6 cxd6 7. Nc3 Bg7 8. Be3
O-O 9. Be2 Nc6 10. Rc1 Bg4 11. b3 e5 12. d5 Ne7 13. c5 dxc5 14. d6 Nc6 15. Bxc5
Qd7 16. O-O Bh6 17. Rc2 Rad8 18. b4 f6 19. b5 Nb8 20. Nd5 Nxd5 21. Qxd5+ Be6
22. Qe4 Kg7 23. Qb4 Rc8 24. Qa4 b6 25. Ba3 Rxc2 26. Qxc2 Rc8 27. Qb2 Qf7 28.
Rd1 Nd7 29. Ne1 Bd5 30. Nd3 Qe6 31. Nb4 Bb7 32. Qb3 Qxb3 1/2-1/2

[Event "Lichtenrader Herbst 2012"]
[Site "Berlin - Lichtenrade"]
[Date "2012.10.04"]
[Round "6.14"]
[White "Gaerths, Ronny"]
[Black "Hohn, August"]
[Result "1-0"]
[WhiteElo "2251"]
[BlackElo "1989"]
[PlyCount "50"]
[EventDate "2012.??.??"]
[WhiteTeam "SC Kreuzberg e.V."]
[BlackTeam "SC Zugzwang 95 e.V."]

1. c4 e5 2. Nc3 Bb4 3. Nd5 Be7 4. g3 c6 5. Nxe7 Qxe7 6. Bg2 Nf6 7. d3 d6 8. Nf3
Bg4 9. b3 O-O 10. Bb2 Nbd7 11. O-O Rad8 12. h3 Bh5 13. Nh4 Bg6 14. Qd2 Nh5 15.
Nxg6 hxg6 16. d4 Rfe8 17. dxe5 dxe5 18. Rad1 Qc5 19. e3 Qb6 20. Qc3 Nc5 21. Ba3
Rxd1 22. Rxd1 Nf6 23. Qb4 Nfd7 24. Qxb6 axb6 25. b4 Ra8 1-0

[Event "Lichtenrader Herbst 2012"]
[Site "Berlin - Lichtenrade"]
[Date "2012.10.04"]
[Round "6.15"]
[White "Shapiro, Yosip"]
[Black "Schnabel, Ralf"]
[Result "0-1"]
[WhiteElo "2094"]
[BlackElo "2235"]
[PlyCount "116"]
[EventDate "2012.??.??"]
[WhiteTeam "SV Berolina Mitte e.V."]
[BlackTeam "ESV Nickelhütte Aue"]

1. Nf3 f5 2. e4 fxe4 3. Ng5 Nc6 4. d3 e3 5. Bxe3 e5 6. Be2 Be7 7. Nf3 Nf6 8.
O-O O-O 9. d4 exd4 10. Nxd4 Nxd4 11. Bxd4 d5 12. Bf3 Be6 13. Nc3 c6 14. Re1 Bf7
15. Ne2 Qd7 16. Ng3 b5 17. Qd2 a5 18. Re2 a4 19. Rae1 Rae8 20. a3 Bd8 21. Bc5
Rxe2 22. Rxe2 Re8 23. c3 Bc7 24. Rxe8+ Qxe8 25. Qe3 Qxe3 26. fxe3 Nd7 27. Ba7
Ne5 28. Be2 Bg6 29. Bd4 Kf7 30. Kf2 Bd6 31. h3 Nd3+ 32. Bxd3 Bxd3 33. Nh5 c5
34. Bxg7 Bg6 35. Nf6 Kxg7 36. Nxd5 Be4 37. Nf4 Kf6 38. g4 Be5 39. h4 b4 40. Ne2
Ke6 41. cxb4 Bxb2 42. bxc5 Kd5 43. c6 Kxc6 44. Nd4+ Kd5 45. Ne2 Ke5 46. g5 Bxa3
47. Nc3 Bc6 48. h5 Kf5 49. g6 hxg6 50. hxg6 Kxg6 51. Ke2 Kf5 52. Kd3 Ke5 53.
Kc2 Kd6 54. Kb1 Kc5 55. Ka2 Bb4 56. Kb2 a3+ 57. Kc2 Bxc3 58. Kxc3 Ba4 0-1

[Event "Lichtenrader Herbst 2012"]
[Site "Berlin - Lichtenrade"]
[Date "2012.10.04"]
[Round "6.16"]
[White "Niehaus, Frank"]
[Black "Hahlbohm, Matthias"]
[Result "1-0"]
[WhiteElo "2215"]
[BlackElo "2073"]
[PlyCount "107"]
[EventDate "2012.??.??"]
[WhiteTeam "SK König Tegel 1949 e.V."]
[BlackTeam "TSG Oberschöneweide e.V."]

1. e4 c5 2. Nf3 d6 3. d4 cxd4 4. Nxd4 Nf6 5. Nc3 a6 6. Bg5 e6 7. f4 Be7 8. Qf3
Qc7 9. O-O-O Bd7 10. Bd3 Nc6 11. Nb3 Rc8 12. Kb1 b5 13. g4 O-O 14. Bh4 Rfd8 15.
g5 Ne8 16. Bg3 Nb4 17. Rc1 Nxd3 18. cxd3 Qa7 19. Bf2 Qa8 20. Bb6 Nc7 21. Ne2
Qb7 22. Qf2 Rf8 23. Na5 Qb8 24. Ba7 Qa8 25. h4 d5 26. Ng3 Bb4 27. Nb3 a5 28.
Be3 Na6 29. Nc5 Nxc5 30. Bxc5 Bxc5 31. Rxc5 Rxc5 32. Qxc5 dxe4 33. dxe4 Bc6 34.
Re1 Rc8 35. Qe5 g6 36. h5 Qb8 37. Qxb8 Rxb8 38. h6 Kf8 39. Kc2 Rd8 40. Rd1 Rxd1
41. Kxd1 Ke7 42. Kd2 Kd6 43. Kd3 Kc5 44. Ne2 a4 45. Nd4 Be8 46. Nf3 b4 47. Ne5
Bb5+ 48. Ke3 Be8 49. Ng4 a3 50. bxa3 bxa3 51. Nf6 Bb5 52. Nxh7 Bc4 53. Nf8 Bxa2
54. h7 1-0

[Event "Lichtenrader Herbst 2012"]
[Site "Berlin - Lichtenrade"]
[Date "2012.10.04"]
[Round "6.17"]
[White "Muench, Robert"]
[Black "Reichenbach, Werner"]
[Result "0-1"]
[WhiteElo "1965"]
[BlackElo "2280"]
[PlyCount "104"]
[EventDate "2012.??.??"]
[WhiteTeam "Treptower SV 1949 e.V."]
[BlackTeam "SC Oberkrämer"]

1. d4 d6 2. Nf3 g6 3. g3 Bg7 4. Bg2 Nf6 5. c4 O-O 6. Nc3 Nc6 7. a3 a6 8. b4 e5
9. Bb2 exd4 10. Nxd4 Nxd4 11. Qxd4 Ng4 12. Qd1 Ne5 13. Qb3 c6 14. Ne4 Be6 15.
Rc1 f5 16. Nd2 Qe7 17. O-O Rad8 18. Qc2 f4 19. Kh1 Rf7 20. c5 d5 21. Nf3 Bf5
22. Qb3 Be4 23. Nxe5 Bxg2+ 24. Kxg2 Bxe5 25. Bxe5 Qxe5 26. Qd3 Re8 27. Rc2 Qh5
28. Rd1 Ref8 29. Rf1 Qe5 30. Rc3 Re8 31. Rc2 Qg5 32. Rc3 Qh5 33. Qf3 Qe5 34.
Re1 Ref8 35. Qd3 fxg3 36. fxg3 Rf2+ 37. Kg1 Qh5 38. h4 Qg4 39. Qe3 Qf5 40. Rcc1
Qf6 41. Rcd1 Rf5 42. Kg2 Re5 43. Qg1 Qe6 44. e3 Re8 45. Rd3 Re4 46. Kf2 Rf8+
47. Kg2 Rxh4 48. gxh4 Qe4+ 49. Kh2 Qxh4+ 50. Kg2 Qe4+ 51. Kh2 Qxd3 52. Qg4 Qf5
0-1

[Event "Lichtenrader Herbst 2012"]
[Site "Berlin - Lichtenrade"]
[Date "2012.10.04"]
[Round "6.18"]
[White "Jahnz, Fabian"]
[Black "Buttkus, Andre"]
[Result "1-0"]
[WhiteElo "2189"]
[BlackElo "2049"]
[PlyCount "83"]
[EventDate "2012.??.??"]
[WhiteTeam "SK König Tegel 1949 e.V."]
[BlackTeam "SK Tempelhof 1931 e.V."]

1. e4 b6 2. d4 Bb7 3. Bd3 e6 4. Nf3 c5 5. c3 Nf6 6. Nbd2 Nc6 7. O-O cxd4 8.
cxd4 Nb4 9. Bb1 Ba6 10. Re1 Nd3 11. Bxd3 Bxd3 12. Qb3 Ba6 13. e5 Nd5 14. Ne4
Be7 15. Bg5 Bxg5 16. Nfxg5 O-O 17. Qg3 h6 18. Nh3 Kh8 19. Nd6 Qe7 20. Qa3 Bc8
21. Rac1 a5 22. Qf3 Ba6 23. Nf4 Nb4 24. a3 Nc6 25. Qe3 Qg5 26. Rc3 Kg8 27. Qd2
f6 28. Rg3 Qh4 29. Re4 fxe5 30. Rxg7+ Kxg7 31. Nxe6+ dxe6 32. Rxh4 Rf6 33. dxe5
Nxe5 34. Qc3 Ng6 35. Ne4 e5 36. Nxf6 Rc8 37. Nh5+ Kh7 38. Qd2 Nxh4 39. Qd7+ Kg6
40. Qg7+ Kf5 41. Qf6+ Ke4 42. Qxh4+ 1-0

[Event "Lichtenrader Herbst 2012"]
[Site "Berlin - Lichtenrade"]
[Date "2012.10.04"]
[Round "6.19"]
[White "Cremer, Jan Paul"]
[Black "Costello, Colin"]
[Result "1-0"]
[WhiteElo "2099"]
[BlackElo "1956"]
[PlyCount "51"]
[EventDate "2012.??.??"]
[WhiteTeam "Schachpinguine Berlin e.V."]
[BlackTeam "SC Weisse Dame e.V."]

1. e4 e6 2. d4 d5 3. Nd2 c5 4. Ngf3 Nc6 5. Bb5 cxd4 6. Nxd4 Bd7 7. Nxc6 bxc6 8.
Bd3 Bd6 9. c4 Nf6 10. O-O O-O 11. Re1 Qc7 12. h3 Rfd8 13. c5 Bxc5 14. e5 Qb6
15. exf6 Bxf2+ 16. Kh1 Bxe1 17. Bxh7+ Kf8 18. Qxe1 gxf6 19. Nb3 c5 20. Qf2 Ke7
21. Be3 d4 22. Nxd4 Qb7 23. Nb3 Rh8 24. Bxc5+ Kd8 25. Qxf6+ Kc7 26. Qe5+ 1-0

[Event "Lichtenrader Herbst 2012"]
[Site "Berlin - Lichtenrade"]
[Date "2012.10.04"]
[Round "6.20"]
[White "Boettcher, Patrick"]
[Black "Muench, Tobias"]
[Result "0-1"]
[WhiteElo "2193"]
[BlackElo "1875"]
[PlyCount "120"]
[EventDate "2012.??.??"]
[WhiteTeam "SC Zitadelle Spandau 1977 e.V."]
[BlackTeam "Treptower SV 1949 e.V."]

1. d4 Nf6 2. Nf3 g6 3. c4 Bg7 4. Nc3 d5 5. cxd5 Nxd5 6. e4 Nxc3 7. bxc3 O-O 8.
Be3 c5 9. Qd2 Qa5 10. Rc1 Rd8 11. Bd3 Nd7 12. d5 b5 13. c4 Qxd2+ 14. Nxd2 b4
15. Nb3 Bc3+ 16. Ke2 Ne5 17. Nxc5 a5 18. Na4 Nxd3 19. Kxd3 Bg7 20. Nb6 Rb8 21.
Nxc8 Rdxc8 22. c5 b3 23. axb3 Rxb3+ 24. Kd2 a4 25. Rc2 a3 26. Ra2 Bb2 27. c6 e6
28. Rd1 Kf8 29. Kc2 Rc3+ 30. Kb1 Rc4 31. d6 R4xc6 32. d7 Rd8 33. Rxb2 axb2 34.
Bg5 f6 35. Bxf6 Rc1+ 36. Rxc1 bxc1=Q+ 37. Kxc1 Rxd7 38. h4 Kf7 39. Be5 Ke8 40.
Bf6 Rf7 41. e5 Rd7 42. Bg5 Rd5 43. Bf4 Kd7 44. Kc2 Rd4 45. g3 Kc6 46. Be3 Re4
47. Kd3 Kd5 48. Ke2 Kxe5 49. Kf3 Kf5 50. Ba7 Rb4 51. Bc5 Rb3+ 52. Be3 Ra3 53.
g4+ Ke5 54. Ke2 h5 55. gxh5 gxh5 56. Bg5 Ke4 57. Bh6 Ra2+ 58. Ke1 Kf3 59. Be3
Ra1+ 60. Kd2 Rh1 0-1

[Event "Lichtenrader Herbst 2012"]
[Site "Berlin - Lichtenrade"]
[Date "2012.10.05"]
[Round "7.1"]
[White "Meister, Jakob"]
[Black "Romanishin, Oleg M"]
[Result "1/2-1/2"]
[WhiteElo "2484"]
[BlackElo "2526"]
[PlyCount "40"]
[EventDate "2012.??.??"]
[WhiteTeam "SK Zehlendorf e.V."]

1. e4 e5 2. Nf3 Nc6 3. Nc3 Nf6 4. d4 exd4 5. Nxd4 Bb4 6. Nxc6 bxc6 7. Bd3 d5 8.
exd5 cxd5 9. O-O O-O 10. Bg5 c6 11. Qf3 Re8 12. h3 Qd6 13. Bxf6 Qxf6 14. Qxf6
gxf6 15. Ne2 Bd7 16. Ng3 Bf8 17. Nh5 Bg7 18. Nxg7 Kxg7 19. c4 Be6 20. cxd5 Bxd5
1/2-1/2

[Event "Lichtenrader Herbst 2012"]
[Site "Berlin - Lichtenrade"]
[Date "2012.10.05"]
[Round "7.2"]
[White "Colpe, Malte"]
[Black "Danin, Alexandre"]
[Result "0-1"]
[WhiteElo "2349"]
[BlackElo "2568"]
[PlyCount "98"]
[EventDate "2012.??.??"]
[WhiteTeam "Hamburger SK von 1830 eV"]
[BlackTeam "SC Tornado Wuppertal 199"]

1. d4 Nf6 2. c4 g6 3. Nc3 d5 4. Nf3 Bg7 5. Qb3 dxc4 6. Qxc4 O-O 7. e4 a6 8. Be2
b5 9. Qb3 c5 10. dxc5 Be6 11. Qc2 Nbd7 12. Be3 Rc8 13. Rd1 b4 14. Na4 Qa5 15.
O-O Nxe4 16. Qxe4 Qxa4 17. Ng5 Nxc5 18. Qh4 h6 19. Nxe6 Nxe6 20. Bc4 Ng5 21. b3
Qxa2 22. Rd7 e6 23. Rfd1 a5 24. R7d2 Qa3 25. Re2 a4 26. Bc1 Qa1 27. Rde1 Qd4
28. Qxd4 Bxd4 29. h4 Nh7 30. Bxh6 Rfd8 31. Bd2 Rxc4 32. bxc4 b3 33. Bb4 Rc8 34.
Rc1 Bc5 35. Bc3 a3 36. Rb1 Rb8 37. Rd2 Nf8 38. Be5 Rb6 39. g4 a2 40. Ra1 Rb7
41. Bb2 Be7 42. g5 Rd7 43. Rdd1 e5 44. Kf1 Bc5 45. Bxe5 Rxd1+ 46. Rxd1 Ba3 47.
Ra1 Nd7 48. Bd4 Bf8 49. c5 Nxc5 0-1